| 000 | 00562nam a2200181Ia 4500 | ||
|---|---|---|---|
| 008 | 151202s9999||||xx |||||||||||||| ||und|| | ||
| 082 | _bPNVM-84727 | ||
| 100 | _aढापरे प्रसाद. | ||
| 245 | _aइंद्रा नूयी. | ||
| 260 | _bमिरर पब्लिशिंग. | ||
| 260 | _c2014 | ||
| 300 | _a139 | ||
| 600 | _aढापरे प्रसाद. | ||
| 630 | _aइंद्रा नूयी. | ||
| 700 | _aढापरे प्रसाद. | ||
| 730 | _aइंद्रा नूयी. | ||
| 942 | _cBOOK | ||
| 999 |
_c1349579 _d1349576 |
||